000 00667nam a22001817a 4500
003 UA-OsUOA
001 17440
007 ta
008 20040229b un ||||| |||| 00| 0 ukr d
100 _aСиротюк А.
942 _cSA
040 _aUA-OsUOA
_cUA-OsUOA
_dUA-OsUOA
245 _aГраніт "Каменяра" всеодно, що для Африки алмази: [Т-во "Каменяр" видобуває поблизу Жадківки Корец. р-ну рожевий граніт]
300 _aС.1
955 _a0
773 0 _w0
_tВісті Кореччини
_dКорець
_d2004
_g№9/31 січ./
650 7 _aКаменяр
_2UDC
999 _c303608
_d303608